Ειδικά θέματα ποσοτικής ανάλυσης ΙΙ : πανεπιστημιακές παραδόσεις
Αποθηκεύτηκε σε:
| Κύριος συγγραφέας: | |
|---|---|
| Συγγραφή απο Οργανισμό/Αρχή: | |
| Μορφή: | Βιβλίο |
| Γλώσσα: | Greek |
| Δημοσίευση: |
Χίος :
Πανεπιστήμιο Αιγαίου. Τμήμα Διοίκησης Επιχειρήσεων,
1997.
|
| Θέματα: | |
| Ετικέτες: |
Προσθήκη ετικέτας
Δεν υπάρχουν, Καταχωρήστε ετικέτα πρώτοι!
|
MARC
| LEADER | 00000cam a2200000 i 4500 | ||
|---|---|---|---|
| 001 | 1/17542 | ||
| 008 | 010222s1997 gr | ||| |||| ||gre|| | ||
| 035 | |l 10066176 | ||
| 040 | |a GR-MyUa |b gre |e AACR2 | ||
| 041 | 0 | |a gre | |
| 082 | 7 | |a 519.52 |2 (21) | |
| 100 | 1 | |a Αγγελής, Βασίλης. | |
| 245 | 1 | 0 | |a Ειδικά θέματα ποσοτικής ανάλυσης ΙΙ : |b πανεπιστημιακές παραδόσεις / |c Βασίλης Αγγελής. |
| 260 | |a Χίος : |b Πανεπιστήμιο Αιγαίου. Τμήμα Διοίκησης Επιχειρήσεων, |c 1997. | ||
| 300 | |a 101 σ. ; |c 30 εκ. | ||
| 500 | |a Σημειώσεις διδασκόντων. | ||
| 650 | 0 | 0 | |a Sampling (Statistics) |
| 710 | 2 | |a Πανεπιστήμιο Αιγαίου. |b Σχολή Επιστημών της Διοίκησης. |b Τμήμα Διοίκησης Επιχειρήσεων. | |
| 852 | |a INST |b CHIOS |e 20010222 |h 519.52 ΑΓΓ |p 005200017379 |q 005200017379 |t CPY |y 23 | ||
| 852 | |a INST |b CHIOS |e 20010222 |h 519.52 ΑΓΓ |p 005200017380 |q 005200017380 |t CPY |y 12 | ||
| 852 | |a INST |b CHIOS |e 20010222 |h 519.52 ΑΓΓ |p 005200017381 |q 005200017381 |t CPY |y 23 | ||
| 852 | |a INST |b CHIOS |e 20010222 |h 519.52 ΑΓΓ |p 005200017382 |q 005200017382 |t CPY |y 23 | ||
| 852 | |a INST |b CHIOS |e 20010222 |h 519.52 ΑΓΓ |p 005200017393 |q 005200017393 |t CPY |y 23 | ||
| 852 | |a INST |b CHIOS |e 20010222 |h 519.52 ΑΓΓ |p 005200017394 |q 005200017394 |t CPY |y 23 | ||
| 852 | |a INST |b CHIOS |e 20010222 |h 519.52 ΑΓΓ |p 005200017395 |q 005200017395 |t CPY |y 23 | ||
| 852 | |a INST |b CHIOS |e 20010222 |h 519.52 ΑΓΓ |p 005200017396 |q 005200017396 |t CPY |y 23 | ||
| 901 | |a BIBL2-2001-1 | ||
| 970 | |a ΣΑΛΑΜΟΥΡΑ |b ΜΑΡΙΑ |z 2001/02/22 | ||